000 nam a22 7a 4500
999 _c9140
_d9140
008 180123b ||||| |||| 00| 0 eng d
100 _aNCERT
_95410
245 _aPolitical Theory - XI
260 _aNew Delhi
_bNCERT
_c2007